10 krajów z największą ilością wysp - Statystyki

Ogólne statystyki
  • Ten quiz został rozwiązany 74 razy
  • Średni wynik to 8 z 10
Statystyki odpowiedzi
miejsce ilość kraj % Poprawnych
4 52.455 Kanada
94%
6 17.508 Indonezja
89%
5 18.617 Stany Zjednoczone
88%
10 6852 Japonia
86%
2 239.057 Norwegia
83%
1 267.570 Szwecja
82%
3 178.947 Finlandia
80%
8 7641 Filipiny
79%
7 8222 Australia
65%
9 6961 Chiny
64%
Nie znaleziono quizów pasujących do podanych kryteriów
Rozkład punktacji
Procent ludzi z każdym wynikiem
Percentyl według liczby udzielonych odpowiedzi
Twoja historia wyników
Nie rozwiązałeś tego quizu